Central Library OPAC University of Rajshahi

The nature of psychological inquiry / (Record no. 28821)

MARC details
000 -LEADER
fixed length control field 00742nam a22002531 4500
001 - CONTROL NUMBER
control field 28821
003 - CONTROL NUMBER IDENTIFIER
rucl marc code BD-RjUL
005 - DATE AND TIME OF LATEST TRANSACTION
control field 20211209051332.0
008 - FIXED-LENGTH DATA ELEMENTS--GENERAL INFORMATION
fixed length control field 140401s1970 ii b 001 0 eng d
035 ## - SYSTEM CONTROL NUMBER
System control number (BD-RjUL)28905
040 ## - CATALOGING SOURCE
Original cataloging agency DLC
Transcribing agency DLC
Modifying agency DLC
-- BD-RjUL
Language of cataloging eng
041 ## - LANGUAGE CODE
Language code of text/sound track or separate title eng
082 00 - DEWEY DECIMAL CLASSIFICATION NUMBER
Classification number 150.18
Author mark and year HYN 1970
100 1# - MAIN ENTRY--PERSONAL NAME
Personal name Hyman, Ray.
9 (RLIN) 88148
245 14 - TITLE STATEMENT
Title The nature of psychological inquiry /
Statement of responsibility, etc. by Ray Hyman
260 ## - PUBLICATION, DISTRIBUTION, ETC. (IMPRINT)
Place of publication, distribution, etc. New delhi :
Name of publisher, distributor, etc. Prentice-hallof india,
Date of publication, distribution, etc. 1970
300 ## - PHYSICAL DESCRIPTION
Pagination xi, 116 p. ;
Size 24 cm.
490 0# - SERIES STATEMENT
Series statement Prentice-Hall foundations of modern psychology series
504 ## - BIBLIOGRAPHY, ETC. NOTE
Bibliography, etc Bibliography: p. 111-112.
650 #0 - SUBJECT ADDED ENTRY--TOPICAL TERM
Topical term or geographic name as entry element Psychology
General subdivision Methodology.
9 (RLIN) 88149
942 ## - ADDED ENTRY ELEMENTS (KOHA)
Source of classification or shelving scheme Dewey Decimal Classification
Koha item type Books
Holdings
Lost status Source of classification or shelving scheme Damaged status Not for loan Collection code Permanent Location Current Location Shelving location Date acquired Source of acquisition Total Checkouts Full call number Date last seen Copy number Koha item type Cost, normal purchase price
  Dewey Decimal Classification   Added to bundle Non-fiction Central Library, University of Rajshahi Central Library, University of Rajshahi Reading Room 03/07/1976 USIS   150.18 HYN 1970 01/04/2014 C-1 Books  
  Dewey Decimal Classification     Non-fiction Central Library, University of Rajshahi Central Library, University of Rajshahi   03/07/1976 USIS   150.18 HYN 1970 01/04/2014 C-2 Books 0.00
  Dewey Decimal Classification     Non-fiction Central Library, University of Rajshahi Central Library, University of Rajshahi   31/03/1977 Lions International   150.18 HYN 1964 03/04/2014 C-3 Books